000 00622nam a2200229Ia 4500
003 OSt
005 20221007064612.0
006 a|||||r|||| 00| 0
007 ta
008 221006b |||||||| |||| 00| 0 eng d
024 _a16,526
037 _cTextual
040 _aFLL
_cFLL
_beng
041 _2eng
_aeng
082 _aY:6.2.N7, M0
100 _aMishra S.N. Au.
_9682244
245 0 _aPolitical socialization in rural india
260 _aDelhi
_bInter-india publications India
_c1980
300 _a156p
_ccm.
942 _hY:6.2.N7, M0
_cTEXL
_2CC
999 _c1134622
_d1134622